01120na a2200313 450000100060000000300080000600500170001400800410003102200140007203500100008604000250009604100080012109000160012922200300014524500820017524600370025726000560029430000380035031000130038836200250040150001590042650000800058553000320066565000510069765500120074891000160076094200130077699900170078922527MIRAKIL20181226092843.0170215b tu n0 0 0  a1307-8380 a20919 aMilasbturcTR-AnCHP atur a050 DER 175 aSavunma sanayii gündemi aSavunma sanayii gündemic[yayınlayan] Savunma Sanayii Müsteşarlığı aSavunma sanayi gündemi dergisi aAnkarabSavunma Sanayii Müsteşarlığıc2007- ac.brnkl. res.,tbl., grf.c30 sm. a3 aylık asayı 6 (Ekim 2008)- aKapak adı : Avrupa Birliği ve savunma sanayii -- OCCAR: Ortak silahlanma işbirliği teşkilatı. -- Bir Avrupa prjesi: A400 M nakliye uçağı" aKütüphanemizde fiziksel olarak yalnızca sayı 6 (Ekim 2008) mevcuttur. aOnline olarak edinilebilir. aSavunma sanayiivSüreli yayınlarzTürkiye ae-dergi aDERGİ 175 2ddccSER c11352d11352